000 00297nam a22001337a 4500
008 171023b xxu||||| |||| 00| 0 eng d
020 _a9780538878319
041 _aeng
080 _22ND
_a338
100 _a54
101 _aMO
245 _aOPERATIONS MANAGEMENT
_cMARKLAND,R.E
942 _2udc
_cBK
999 _c35452
_d35452